000 00383nam a2200157 i 4500
001 bg
100 1 _aAHRENS, Heinz
245 0 _aWielowymiarowa analiza wariancji /
_cHeinz Ahrens, Jürgen Läuter.
260 _aWarszawa,
_c1979.
700 1 _aLÄUTER, Jürgen
040 _cBPK
041 _apol
080 _a519.2
942 _cKS
008 s pl f |000 0 pol
999 _c18915
_d18915
856 _uhttp://koha.tu.koszalin.pl/cgi-bin/koha/opac-detail.pl?biblionumber=18915
_yKatalog online BPK